000 00456nam a2200157Ia 4500
005 20250508155528.0
008 008 250505s9999 xx 000 0 eng d
037 _aBooks to be hide in OPAC
040 _aFEDL
_beng
_cFEDL
041 _aeng
_2eng
084 _a016, ENG/O
_qFEDL
100 _aEngelhart Max D
_9767087
245 0 _aPsychometrika: Topical and author indexes 1936-1945
942 _cHB
_h016, ENG/O
999 _c1357462
_d1357462